000 02447nam a2200457 a 4500
003 CHAP
005 20251125103255.0
007 cr ||||||a|c|a
008 101209s2010 mx r 00010 spa d
035 _a111781
040 _cCHAP
090 _aTesis
100 1 _aCotoc Roldán, José Alejandro.
_928571
245 1 0 _aImplementación del sistema de análisis de peligro y control de puntos críticos en una línea de producción de queso Oaxaca
_c/por José Alejandro Cotoc Roldan; director de tesis J. Reyes Altamirano Cárdenas.
264 1 _aChapingo, Méx. :
_bEl autor,
_c2010.
300 _a1 recurso en línea (121 páginas):
_bcuadros, figuras.
336 _2rdacontent
_atexto
_btxt
337 _2rdamedia
_acomputadora
_bc
338 _2rdacarrier
_arecursos en línea
_bcr
502 _bIAg
_cAgroecología
_d2010.
_gLIC
520 _aEl presente trabajo tiene por finalidad la compresión y el control de los riesgos existentes o previstos en una línea de producción de queso Oaxaca, con la implementación del Sistema de Análisis de Peligros y Control de Puntos Críticos (HACCP por sus siglas en inglés) basado en el desarrollo de un plan que identifica los peligros que amenazan la salud del consumidor y fortalece la inocuidad de este tipo de queso. El sistema desarrollado para el aseguramiento de la calidad en la línea de producción de queso Oaxaca cumplió con los 12 pasos y los Siete Principios Básicos del HACCP, adicionalmente se implementó el uso continuo y diario de los formatos de control que aseguran el cumplimiento del Plan.
590 _aALEPH
_b10
_c20130110
590 _aBATCH-UPD
_b10
_c20130110
590 _aBATCH-UPD
_b10
_c20130410
590 _aBATCH-UPD
_b10
_c20130914
590 _aBATCH-UPD
_b10
_c20140324
590 _aBATCH-UPD
_b10
_c20141002
590 _aCONVERSION
_b10
_c20130109
650 0 4 _aQueso Oaxaca.
_993247
650 0 4 _aQueso
_xCostos de producción.
_993228
650 0 4 _aQueso
_xNormas de calidad.
_993231
650 0 4 _aQueso
_xProcesado.
_993233
700 1 _aAltamirano Cárdenas, J. Reyes
_94659
_eDirector de tesis.
856 _uhttp://10.13.5.2/tesis/111781.pdf
_zDESCARGAR PDF
901 _aBK
942 _cTD
_2clasificación Universidad Autónoma Chapingo
949 _bBC
_cTES
_d33724002226454
_eTS1
_gDonaciØn
_h51654
_i111781
_sb
949 _bBC
_cTES
_d33724002226496
_eTS2
_fc.2
_gDonaciØn
_h111781
_i111781
_sb
999 _c100123
_d100123